[Event "4th Lanzarote it"]
[Site "Lanzarote ESP"]
[Date "1976.04.??"]
[Round "4"]
[White "Rodriguez Vargas, Orestes"]
[Black "Pomar Salamanca, Arturo"]
[Result "1-0"]
[WhiteElo "2435"]
[BlackElo "2435"]
[EventDate "1976.04.26"]
[PlyCount "109"]

1.Nf3 d5 2.e3 Nf6 3.c4 c6 4.Nc3 e6 5.b3 Be7 6.Bb2 O-O 7.d4 Qa5 8.a3 Ne4 9.
b4 Nxc3 10.Bxc3 Qc7 11.Qc2 Nd7 12.Bd3 f5 13.O-O Nf6 14.Ne5 Bd7 15.f3 Rad8 
16.c5 Be8 17.Be1 Nd7 18.Bg3 Nxe5 19.Bxe5 Qd7 20.Rfb1 Bf6 21.Bxf6 gxf6 22.
f4 Bg6 23.b5 e5 24.bxc6 bxc6 25.Qd2 Rde8 26.a4 Rb8 27.a5 Qc7 28.a6 Rxb1+ 
29.Rxb1 Rb8 30.Rxb8+ Qxb8 31.Kf2 Kf7 32.Be2 Ke6 33.h3 Kd7 34.Bd3 Ke6 35.
Kg3 Kd7 36.Qc2 Ke6 37.Qc3 Bf7 38.Bc2 Bh5 39.Ba4 Be8 40.Qd2 Bd7 41.Bd1 e4 
42.Be2 Qb3 43.Kf2 Be8 44.g4 Bg6 45.Qa5 Kd7 46.Qa1 Qc2 47.Qg1 h6 48.Qg3 h5 
49.gxf5 Bf7 50.Qg7 Ke7 51.Qh8 Be8 52.Qg8 Bf7 53.Qb8 h4 54.Qd6+ Ke8 55.
Qxc6+ {[Fuente: Zaiko, Oscar Alfredo. Base de partidas del "04. Arrecife 
de Lanzarote" 1976. Sitio web OLD IN CHESS. (Marzo 2002). Alfredo Zaiko 
(Director-Webmaster). Sitio web oriundo de Argentina. Estuvo disponible 
hasta el ao 2010 en la direccin: http://www.geocities.org/oldinchess/ 
descarga/cbv/1976_ESP03.zip ]} 1-0

[Event "4th Lanzarote it"]
[Site "Lanzarote ESP"]
[Date "1976.04.??"]
[Round "5"]
[White "Fraguela Gil, Jose Miguel"]
[Black "Darga, Klaus"]
[Result "0-1"]
[WhiteElo "2380"]
[BlackElo "2500"]
[EventDate "1976.04.26"]
[PlyCount "72"]

1.d4 Nf6 2.Nf3 b6 3.g3 Bb7 4.Bg2 c5 5.c3 e6 6.O-O Be7 7.b3 O-O 8.Bb2 d5 9.
Ne5 Nc6 10.Nxc6 Bxc6 11.Nd2 Qc7 12.Rc1 Rfd8 13.Qe1 Qb7 14.Nf3 Rac8 15.Ne5 
Qa6 16.a3 Be8 17.Qd2 Qb5 18.b4 Qa4 19.f3 a5 20.Nd3 Bb5 21.dxc5 bxc5 22.Ra1
Nd7 23.Rfb1 Nb6 24.Nxc5 Rxc5 25.bxc5 Bxc5+ 26.Kh1 Nc4 27.Qg5 f6 28.Qg4 Bd7
29.Bf1 e5 30.Qh4 Rb8 31.Bc1 Rxb1 32.Rxb1 Qd1 33.Kg2 Qe1 34.e3 Bxe3 35.Rb8+
Kf7 36.Qh5+ Ke7 {[Fuente: Zaiko, Oscar Alfredo. Base de partidas del 
"04.Arrecife de Lanzarote" 1976. Sitio web OLD IN CHESS. (Marzo 2002). 
Alfredo Zaiko (Director-Webmaster). Sitio web oriundo de Argentina. Estuvo
disponible hasta el ao 2010 en la direccin: http://www.geocities.org/ 
oldinchess/descarga/cbv/1976_ESP03.zip ]} 0-1

[Event "4th Lanzarote it"]
[Site "Lanzarote ESP"]
[Date "1976.04.??"]
[Round "5"]
[White "Garcia Padron, Jose"]
[Black "Sanz Alonso, Francisco Javier"]
[Result "0-1"]
[WhiteElo "2280"]
[BlackElo "2345"]
[EventDate "1976.04.26"]
[PlyCount "98"]

1.e4 c5 2.Nf3 e6 3.d4 cxd4 4.Nxd4 a6 5.Nc3 Qc7 6.Be2 Nf6 7.O-O Bb4 8.Qd3 
Nc6 9.Nxc6 bxc6 10.f4 d5 11.e5 Nd7 12.Na4 O-O 13.c4 Nc5 14.Nxc5 Bxc5+ 15.
Be3 Qb6 16.Bxc5 Qxc5+ 17.Kh1 a5 18.Rac1 Ba6 19.f5 exf5 20.Qc3 dxc4 21.Rxf5
Qb4 22.Qf3 Bc8 23.Bxc4 Bxf5 24.Qxf5 Rad8 25.b3 Qe7 26.h3 g6 27.Qe4 c5 28.
Re1 Rd4 29.Qf3 Qh4 30.Qe2 Kg7 31.a4 Qf4 32.e6 Rd2 33.Qe5+ Qxe5 34.Rxe5 
fxe6 35.Rxc5 Rff2 36.Rxa5 Rxg2 37.Ra7+ Kh6 38.a5 Rh2+ 39.Kg1 Rdg2+ 40.Kf1 
Ra2 41.Kg1 Rhb2 42.Rf7 Rb1+ 43.Rf1 Rxf1+ 44.Kxf1 Rxa5 45.Bxe6 Ra2 46.Ke1 
Kg5 47.Kd1 Kf6 48.Bg8 Rh2 49.Bxh7 Kg7 {[Fuente: Zaiko, Oscar Alfredo. Base
de partidas del "04.Arrecife de Lanzarote" 1976. Sitio web OLD IN CHESS. 
(Marzo 2002). Alfredo Zaiko (Director-Webmaster). Sitio web oriundo de 
Argentina. Estuvo disponible hasta el ao 2010 en la direccin: http://www. 
geocities.org/oldinchess/descarga/cbv/1976_ESP03.zip ]} 0-1

[Event "4th Lanzarote it"]
[Site "Lanzarote ESP"]
[Date "1976.04.??"]
[Round "5"]
[White "Haik, Aldo"]
[Black "Rodriguez Vargas, Orestes"]
[Result "1/2-1/2"]
[WhiteElo "2325"]
[BlackElo "2435"]
[EventDate "1976.04.26"]
[PlyCount "57"]

1.e4 c5 2.Nf3 Nc6 3.c3 Nf6 4.e5 Nd5 5.d4 cxd4 6.cxd4 d6 7.Be2 g6 8.exd6 
Qxd6 9.O-O Bg7 10.Na3 O-O 11.h3 Rd8 12.Nb5 Qb8 13.Nc3 Be6 14.Bb5 Qc7 15.
Be3 a6 16.Bxc6 Qxc6 17.Rc1 Nxc3 18.Rxc3 Qb5 19.Qc2 Rac8 20.Rc1 Rxc3 21.
bxc3 Rc8 22.Nd2 Qd7 23.Qb2 Bc4 24.Rb1 Bd5 25.c4 Bxc4 26.Nxc4 Rxc4 27.Qxb7 
Qxb7 28.Rxb7 Bxd4 29.Rxe7 {[Fuente: Zaiko, Oscar Alfredo. Base de partidas
del "04.Arrecife de Lanzarote" 1976. Sitio web OLD IN CHESS. (Marzo 2002).
Alfredo Zaiko (Director-Webmaster). Sitio web oriundo de Argentina. Estuvo
disponible hasta el ao 2010 en la direccin: http://www.geocities.org/ 
oldinchess/descarga/cbv/1976_ESP03.zip ]} 1/2-1/2

[Event "4th Lanzarote it"]
[Site "Lanzarote ESP"]
[Date "1976.04.??"]
[Round "5"]
[White "Hernandez Onna, Roman"]
[Black "Weinstein, Norman Stephen"]
[Result "1/2-1/2"]
[WhiteElo "2460"]
[BlackElo "2430"]
[EventDate "1976.04.26"]
[PlyCount "26"]

1.c4 Nf6 2.Nc3 g6 3.Nf3 Bg7 4.g3 O-O 5.Bg2 d6 6.O-O e5 7.d3 Re8 8.Rb1 a5 
9.b3 Nbd7 10.Bb2 c6 11.h3 Nc5 12.a3 Qb6 13.Nd2 Be6 {[Fuente: Zaiko, Oscar 
Alfredo. Base de partidas del "04.Arrecife de Lanzarote" 1976. Sitio web 
OLD IN CHESS. (Marzo 2002). Alfredo Zaiko (Director-Webmaster). Sitio web 
oriundo de Argentina. Estuvo disponible hasta el ao 2010 en la direccin: 
http://www.geocities.org/oldinchess/descarga/cbv/1976_ESP03.zip ]} 1/2-1/2

[Event "4th Lanzarote it"]
[Site "Lanzarote ESP"]
[Date "1976.04.??"]
[Round "5"]
[White "Pomar Salamanca, Arturo"]
[Black "Bellon Lopez, Juan Manuel"]
[Result "1/2-1/2"]
[WhiteElo "2435"]
[BlackElo "2475"]
[EventDate "1976.04.26"]
[PlyCount "41"]

1.c4 Nf6 2.Nc3 c5 3.Nf3 e6 4.g3 b6 5.Bg2 Bb7 6.O-O Be7 7.b3 O-O 8.Bb2 a6 
9.d4 cxd4 10.Nxd4 Bxg2 11.Kxg2 d5 12.cxd5 Nxd5 13.Qd3 Nxc3 14.Qxc3 Qd5+ 
15.Qf3 Qxf3+ 16.Nxf3 Nd7 17.Rac1 Rfc8 18.Rxc8+ Rxc8 19.Rc1 Rxc1 20.Bxc1 
Bc5 21.Bb2 {[Fuente: Zaiko, Oscar Alfredo. Base de partidas del "04. 
Arrecife de Lanzarote" 1976. Sitio web OLD IN CHESS. (Marzo 2002). Alfredo
Zaiko (Director-Webmaster). Sitio web oriundo de Argentina. Estuvo 
disponible hasta el ao 2010 en la direccin: 
http://www.geocities.org/oldinchess/ descarga/cbv/1976_ESP03.zip ]} 
1/2-1/2

[Event "4th Lanzarote it"]
[Site "Lanzarote ESP"]
[Date "1976.04.??"]
[Round "6"]
[White "Darga, Klaus"]
[Black "Larsen, Bent"]
[Result "1/2-1/2"]
[WhiteElo "2500"]
[BlackElo "2625"]
[EventDate "1976.04.26"]
[PlyCount "43"]

1.c4 Nf6 2.Nf3 g6 3.g3 Bg7 4.Bg2 O-O 5.O-O d6 6.Nc3 Nc6 7.d4 Rb8 8.h3 a6 
9.e4 Nd7 10.Be3 b5 11.cxb5 axb5 12.Qd2 Nb6 13.b3 b4 14.Ne2 Ba6 15.Rfe1 e5 
16.Rac1 Bxe2 17.Rxe2 Nxd4 18.Nxd4 exd4 19.Bxd4 Bxd4 20.Qxd4 Nd7 21.Rec2 
Nc5 22.Rd1 {[Fuente: Zaiko, Oscar Alfredo. Base de partidas del "04. 
Arrecife de Lanzarote" 1976. Sitio web OLD IN CHESS. (Marzo 2002). Alfredo
Zaiko (Director-Webmaster). Sitio web oriundo de Argentina. Estuvo 
disponible hasta el ao 2010 en la direccin: 
http://www.geocities.org/oldinchess/ descarga/cbv/1976_ESP03.zip ]} 
1/2-1/2

[Event "4th Lanzarote it"]
[Site "Lanzarote ESP"]
[Date "1976.04.??"]
[Round "6"]
[White "Hernandez Onna, Roman"]
[Black "Garcia Padron, Jose"]
[Result "1/2-1/2"]
[WhiteElo "2460"]
[BlackElo "2280"]
[EventDate "1976.04.26"]
[PlyCount "80"]

1.d4 Nf6 2.c4 e6 3.Nf3 b6 4.e3 Bb7 5.Bd3 Bb4+ 6.Nbd2 O-O 7.O-O d5 8.a3 Be7
9.b3 c5 10.Bb2 Nc6 11.Qe2 Rc8 12.Rfd1 cxd4 13.exd4 Re8 14.Rac1 Ba6 15.b4 
dxc4 16.Nxc4 Nd5 17.Qe4 g6 18.h4 Nb8 19.Ne3 Bxd3 20.Rxd3 Rxc1+ 21.Bxc1 Qc7
22.Bb2 Rd8 23.Nxd5 exd5 24.Qe2 Bd6 25.h5 Nd7 26.Rc3 Qb8 27.b5 Re8 28.Re3 
Nf6 29.hxg6 hxg6 30.Ne5 Kg7 31.Nc6 Rxe3 32.Qxe3 Qc7 33.Bc1 a6 34.a4 axb5 
35.axb5 Ne4 36.Qh6+ Kg8 37.Qh4 Qd7 38.Bf4 Bxf4 39.Qxf4 Qd6 40.Qxd6 Nxd6 {
[Fuente: Zaiko, Oscar Alfredo. Base de partidas del "04.Arrecife de 
Lanzarote" 1976. Sitio web OLD IN CHESS. (Marzo 2002). Alfredo Zaiko 
(Director-Webmaster). Sitio web oriundo de Argentina. Estuvo disponible 
hasta el ao 2010 en la direccin: 
http://www.geocities.org/oldinchess/descarga/cbv/ 1976_ESP03.zip ]} 
1/2-1/2

[Event "4th Lanzarote it"]
[Site "Lanzarote ESP"]
[Date "1976.04.??"]
[Round "6"]
[White "Rodriguez Vargas, Orestes"]
[Black "Fraguela Gil, Jose Miguel"]
[Result "1-0"]
[WhiteElo "2435"]
[BlackElo "2380"]
[EventDate "1976.04.26"]
[PlyCount "40"]

1.d4 Nf6 2.Nc3 e6 3.e4 d5 4.Bg5 dxe4 5.Nxe4 Be7 6.Bxf6 gxf6 7.Nf3 f5 8.Nc3
Bf6 9.Qd2 O-O 10.g4 fxg4 11.Rg1 e5 12.O-O-O exd4 13.Ne4 Bg7 14.Bc4 b5 15.
Bxb5 Qd5 16.Qe2 gxf3 17.Nf6+ Kh8 18.Qe7 Bh6+ 19.Kb1 Qd6 20.Qxf7 Bf5 {
[Fuente: Zaiko, Oscar Alfredo. Base de partidas del "04.Arrecife de 
Lanzarote" 1976. Sitio web OLD IN CHESS. (Marzo 2002). Alfredo Zaiko 
(Director-Webmaster). Sitio web oriundo de Argentina. Estuvo disponible 
hasta el ao 2010 en la direccin: 
http://www.geocities.org/oldinchess/descarga/cbv/1976_ESP03.zip ]} 1-0

[Event "4th Lanzarote it"]
[Site "Lanzarote ESP"]
[Date "1976.04.??"]
[Round "6"]
[White "Weinstein, Norman Stephen"]
[Black "Betancort Curbelo, Juan Rafael"]
[Result "1-0"]
[WhiteElo "2430"]
[BlackElo "2360"]
[EventDate "1976.04.26"]
[PlyCount "80"]

1.e4 d6 2.d4 g6 3.c4 Bg7 4.Nc3 Nf6 5.Be2 O-O 6.Bg5 Nbd7 7.Qd2 e5 8.Nf3 c6 
9.O-O Re8 10.Rad1 Qc7 11.d5 c5 12.Ne1 a6 13.Rb1 h5 14.Nd3 Nh7 15.Be3 Ndf6 
16.f3 Bd7 17.b4 b6 18.Rb2 Reb8 19.Rfb1 Ne8 20.Rb3 a5 21.bxc5 bxc5 22.Qb2 
Rxb3 23.Qxb3 f5 24.Bd1 fxe4 25.Nxe4 Nhf6 26.Ndf2 Nxe4 27.Nxe4 Bf5 28.Bc2 
Bf8 29.Qb7 Ra7 30.Qxc7 Nxc7 31.Ba4 Be7 32.Rb6 Bxe4 33.fxe4 Kf7 34.Bd2 Ne8 
35.Kf2 Nc7 36.Kf3 Na8 37.Rb8 Nc7 38.Rb6 Na8 39.Rb8 Nc7 40.a3 Kf6 {[Fuente:
Zaiko, Oscar Alfredo. Base de partidas del "04.Arrecife de Lanzarote" 
1976. Sitio web OLD IN CHESS. (Marzo 2002). Alfredo Zaiko 
(Director-Webmaster). Sitio web oriundo de Argentina. Estuvo disponible 
hasta el ao 2010 en la direccin: 
http://www.geocities.org/oldinchess/descarga/cbv/ 1976_ESP03.zip ]} 1-0

[Event "4th Lanzarote it"]
[Site "Lanzarote ESP"]
[Date "1976.04.??"]
[Round "7"]
[White "Betancort Curbelo, Juan Rafael"]
[Black "Darga, Klaus"]
[Result "1/2-1/2"]
[WhiteElo "2360"]
[BlackElo "2500"]
[EventDate "1976.04.26"]
[PlyCount "83"]

1.d4 Nf6 2.c4 c5 3.Nf3 e6 4.e3 d5 5.Nc3 Nc6 6.Bd3 Be7 7.O-O O-O 8.b3 b6 9.
Bb2 cxd4 10.exd4 Bb7 11.Rc1 Rc8 12.Re1 Nb4 13.Bf1 Re8 14.Ne5 Nc6 15.Nxc6 
Bxc6 16.Re3 g6 17.Rc2 Bf8 18.Rf3 Bg7 19.Rd3 Bb7 20.Re3 Qd7 21.a4 Red8 22.
a5 dxc4 23.bxc4 Ne8 24.Nb5 Bc6 25.axb6 axb6 26.Ra3 Bxb5 27.cxb5 Nd6 28.
Rxc8 Nxc8 29.Ra8 Ne7 30.Qa4 Nf5 31.Ra7 Qe8 32.Qa6 Nxd4 33.Ba3 Rc8 34.Qxb6 
Nb3 35.Re7 Qd8 36.Qxd8+ Rxd8 37.b6 Bf8 38.Ra7 Rb8 39.Bxf8 Kxf8 40.b7 Ke7 
41.g4 Nc5 42.Bg2 {[Fuente: Zaiko, Oscar Alfredo. Base de partidas del 
"04.Arrecife de Lanzarote" 1976. Sitio web OLD IN CHESS. (Marzo 2002). 
Alfredo Zaiko (Director-Webmaster). Sitio web oriundo de Argentina. Estuvo
disponible hasta el ao 2010 en la direccin: http://www.geocities.org/ 
oldinchess/descarga/cbv/1976_ESP03.zip ]} 1/2-1/2

[Event "4th Lanzarote it"]
[Site "Lanzarote ESP"]
[Date "1976.04.??"]
[Round "7"]
[White "Fraguela Gil, Jose Miguel"]
[Black "Bellon Lopez, Juan Manuel"]
[Result "1-0"]
[WhiteElo "2380"]
[BlackElo "2475"]
[EventDate "1976.04.26"]
[PlyCount "87"]

1.d4 Nf6 2.Nf3 c5 3.d5 b5 4.Bg5 Qb6 5.a4 Bb7 6.axb5 Nxd5 7.e4 Nf6 8.Bxf6 
Qxf6 9.Nc3 e6 10.Ra4 Be7 11.Qa1 O-O 12.Rxa7 Nc6 13.bxc6 Rxa7 14.Qxa7 Bxc6 
15.Be2 Qf4 16.O-O Ra8 17.g3 Qd6 18.e5 Rxa7 19.exd6 Bf6 20.Nd2 Rb7 21.Bf3 
Bxf3 22.Nxf3 Rxb2 23.Ne4 Rxc2 24.Rb1 h6 25.Rb8+ Kh7 26.Nxf6+ gxf6 27.Rb7 
Rc1+ 28.Kg2 Rd1 29.Rxd7 Kg7 30.Ng1 Rd3 31.Ne2 e5 32.g4 f5 33.gxf5 Kf6 34.
Ng3 Rd4 35.Rc7 c4 36.f3 h5 37.Ne4+ Kxf5 38.Rxf7+ Ke6 39.Re7+ Kf5 40.Kg3 
h4+ 41.Kxh4 Kf4 42.Rf7+ Ke3 43.Kg4 Ke2 44.Kf5 {[Fuente: Zaiko, Oscar 
Alfredo. Base de partidas del "04.Arrecife de Lanzarote" 1976. Sitio web 
OLD IN CHESS. (Marzo 2002). Alfredo Zaiko (Director-Webmaster). Sitio web 
oriundo de Argentina. Estuvo disponible hasta el ao 2010 en la direccin: 
http://www.geocities.org/oldinchess/descarga/cbv/1976_ESP03.zip ]} 1-0

[Event "4th Lanzarote it"]
[Site "Lanzarote ESP"]
[Date "1976.04.??"]
[Round "7"]
[White "Garcia Padron, Jose"]
[Black "Weinstein, Norman Stephen"]
[Result "1/2-1/2"]
[WhiteElo "2280"]
[BlackElo "2430"]
[EventDate "1976.04.26"]
[PlyCount "88"]

1.e4 c5 2.Nf3 e6 3.d4 cxd4 4.Nxd4 a6 5.Nc3 Qc7 6.Be2 b5 7.O-O Bb7 8.Bf3 
Nc6 9.Nxc6 dxc6 10.a4 Bd6 11.g3 Nf6 12.Qe2 O-O 13.Bg2 e5 14.Bg5 Be7 15.
Rfd1 h6 16.Be3 Rfd8 17.f3 Rxd1+ 18.Qxd1 Nd7 19.Qe2 Bc5 20.Bh3 Qb6 21.Kf2 
Nf6 22.Rd1 Bc8 23.Bxc8 Rxc8 24.Bxc5 Qxc5+ 25.Qe3 Qxe3+ 26.Kxe3 Kf8 27.axb5
axb5 28.Ra1 Rc7 29.Ne2 Ke7 30.Nc1 Nd7 31.Nd3 Kd6 32.f4 exf4+ 33.gxf4 f6 
34.f5 Ne5 35.Nxe5 Kxe5 36.Rd1 Ra7 37.Rd8 Ra2 38.Rd7 Rxb2 39.Rxg7 Rxc2 40.
Re7+ Kd6 41.Re6+ Kc5 42.Rxf6 b4 43.Rf7 Kd6 44.Rb7 Rxh2 {[Fuente: Zaiko, 
Oscar Alfredo. Base de partidas del "04.Arrecife de Lanzarote" 1976. Sitio
web OLD IN CHESS. (Marzo 2002). Alfredo Zaiko (Director-Webmaster). Sitio 
web oriundo de Argentina. Estuvo disponible hasta el ao 2010 en la 
direccin: http://www.geocities.org/oldinchess/descarga/cbv/1976_ESP03.zip 
]} 1/2-1/2

[Event "4th Lanzarote it"]
[Site "Lanzarote ESP"]
[Date "1976.04.??"]
[Round "7"]
[White "Haik, Aldo"]
[Black "Sanz Alonso, Francisco Javier"]
[Result "1-0"]
[WhiteElo "2325"]
[BlackElo "2345"]
[EventDate "1976.04.26"]
[PlyCount "91"]

1.d4 Nf6 2.c4 c5 3.d5 g6 4.Nc3 Bg7 5.e4 d6 6.Bd3 O-O 7.Nge2 Na6 8.O-O Nc7 
9.h3 a6 10.a4 b6 11.Be3 Rb8 12.Rb1 a5 13.Qd2 Nd7 14.f4 e6 15.dxe6 fxe6 16.
Bc2 Nf6 17.Rbd1 Ba6 18.Bb3 Bb7 19.Ng3 Nfe8 20.e5 Qh4 21.Nce2 dxe5 22.f5 
Qe7 23.fxg6 Rxf1+ 24.Rxf1 hxg6 25.Qc2 Kh7 26.Nc3 Nd6 27.Nge4 Nf5 28.Bg5 
Qd7 29.Rd1 Qc6 30.Qd3 Ne8 31.Rd2 Kh8 32.Bc2 Bc8 33.Qf3 Bb7 34.Qd1 Nd4 35.
Bb1 Qc7 36.Ng3 e4 37.Ngxe4 Qe5 38.Qe1 Nf5 39.Qf2 Bh6 40.Bxh6 Nxh6 41.Qf8+ 
Ng8 42.Rd7 Bc6 43.Ra7 Qf5 44.Rf7 Qh5 45.Nf6 Qh4 46.Qxg8# {[Fuente: Zaiko, 
Oscar Alfredo. Base de partidas del "04.Arrecife de Lanzarote" 1976. Sitio
web OLD IN CHESS. (Marzo 2002). Alfredo Zaiko (Director-Webmaster). Sitio 
web oriundo de Argentina. Estuvo disponible hasta el ao 2010 en la 
direccin: http://www.geocities.org/oldinchess/descarga/cbv/1976_ESP03.zip 
]} 1-0

[Event "4th Lanzarote it"]
[Site "Lanzarote ESP"]
[Date "1976.04.??"]
[Round "7"]
[White "Pomar Salamanca, Arturo"]
[Black "Hernandez Onna, Roman"]
[Result "1/2-1/2"]
[WhiteElo "2435"]
[BlackElo "2460"]
[EventDate "1976.04.26"]
[PlyCount "85"]

1.Nf3 c5 2.c4 Nf6 3.Nc3 g6 4.d4 Bg7 5.e4 cxd4 6.Nxd4 Nc6 7.Be3 Ng4 8.Qxg4 
Nxd4 9.Qd1 Ne6 10.Qd2 b6 11.Be2 Bb7 12.f3 O-O 13.O-O-O d6 14.Bh6 Bxh6 15.
Qxh6 Qc7 16.h4 Rfd8 17.h5 Nf8 18.f4 Qc5 19.Rh3 e6 20.Nd5 Bxd5 21.exd5 Re8 
22.Bd3 exd5 23.f5 dxc4 24.Bb1 c3 25.Rxc3 Qe5 26.fxg6 fxg6 27.hxg6 hxg6 28.
Bc2 d5 29.Rxd5 Qxd5 30.Bb3 Re1+ 31.Kc2 Re2+ 32.Kb1 Re1+ 33.Rc1 Rxc1+ 34.
Qxc1 Qxb3 35.axb3 Rd8 36.Qc4+ Kg7 37.Ka2 Rd7 38.b4 Rf7 39.Kb3 Kg8 40.Ka4 
Kg7 41.Kb5 Rd7 42.Ka6 Rf7 43.Qd4+ {[Fuente: Zaiko, Oscar Alfredo. Base de 
partidas del "04.Arrecife de Lanzarote" 1976. Sitio web OLD IN CHESS. 
(Marzo 2002). Alfredo Zaiko (Director-Webmaster). Sitio web oriundo de 
Argentina. Estuvo disponible hasta el ao 2010 en la direccin: http://www. 
geocities.org/oldinchess/descarga/cbv/1976_ESP03.zip ]} 1/2-1/2

[Event "4th Lanzarote it"]
[Site "Lanzarote ESP"]
[Date "1976.04.??"]
[Round "8"]
[White "Bellon Lopez, Juan Manuel"]
[Black "Larsen, Bent"]
[Result "1-0"]
[WhiteElo "2475"]
[BlackElo "2625"]
[EventDate "1976.04.26"]
[PlyCount "88"]

1.e4 c5 2.Nf3 e6 3.d4 cxd4 4.Nxd4 Nf6 ( {La lnea clsica; otras 
alternativas, muy practicadas en los ltimos torneos magistrales, son las 
ideas de Paulsen,} 4...a6 ) ( {y} 4...Nc6 ) 5.Nc3 d6 6.Be2 ( {As hemos 
llegado a la variante Scheveningen , considerada como una de las ms slidas
de la Defensa Siciliana, que Belln combate con la lnea tradicional, en 
lugar de los ataques} 6.g4 ) ( {y} 6.Bc4 {tan populares actualmente.} ) 
6...a6 7.O-O Be7 8.f4 O-O 9.Kh1 Nc6 10.Be3 Bd7 11.Qe1 {[Hasta aqu todo 
sigue senderos conocidos: las blancas se disponen a pasar su dama al 
flanco de rey para el ataque sobre el enroque, va "g3", mientras que 
Larsen proseguir sus maniobras de contrajuego, en el ala de dama.} 11...b5
12.a3 Qb8 {[Para apoyar la ruptura "pen g4", as como un "pen e5", ideas 
temticas en esta lnea defensiva]} 13.Bd3 $1 Nxd4 14.Bxd4 e5 15.Nd5 $1 {
[Fuerte golpe tctico, que asegura a las blancas una duradera iniciativa, 
al abrir la diagonal blanca contra el enroque enemigo. ]} 15...Nxd5 16.
exd5 f6 ( {Naturalmente, si} 16...exd4 17.Qxe7 {con neta ventaja.} ) ( 
16...Bf6 17.Qe4 $1 g6 18.fxe5 Bxe5 19.Bxe5 dxe5 20.Rf6 $1 {con ventaja 
blanca.} ) 17.Qh4 $1 g6 ( {No era posible} 17...h6 {a causa de} 18.fxe5 
dxe5 19.Qe4 $1 ) ( {En tanto que la captura} 17...exd4 $2 18.Bxh7+ $1 {, 
conducira directamente al mate:} 18...Kh8 ( {O bien} 18...Kf7 19.Qh5+ {, 
etc.} ) 19.Bg6+ {y 20.Dh7.} ) 18.fxe5 dxe5 19.Rae1 Rf7 20.Bc3 a5 21.d6 $3 
{[Cuando Larsen se dispona a reemprender su contrajuego, esta fuerte 
ruptura vuelve a dar fuerte impulso al ataque de Belln. ]} 21...Qxd6 22.
Rd1 Qe6 {[Ante 23.Axg6!]} 23.a4 $1 Rb8 {[nico modo de defensa para 
proteger la casilla c4 de un eventual Ac4. ]} 24.Qg3 $1 b4 ( {Si} 24...Kh8
25.Bxe5 $1 fxe5 26.Rxf7 Qxf7 27.Qxe5+ {y 28.Dxb8, ganando.} ) 25.Bf5 $1 
Qxf5 ( {Consecuente con la jugada anterior: Larsen cede la dama por torre 
y alfil con lo que detiene el arrollador ataque. Si} 25...Qb6 26.Bxe5 fxe5
27.Bxd7 ) 26.Rxf5 Bxf5 27.Be1 Bxc2 28.Rd5 Bxa4 29.Rxa5 Bc2 30.h4 Bf8 31.
Qf2 Rc8 32.Qb6 $1 b3 33.Qe6 $1 Rc7 {[Para evitar TxT. De nuevo Belln toma 
la iniciativa. ]} 34.Ra8 $1 Kg7 35.h5 $1 gxh5 36.Bd2 Rce7 ( {No serva} 
36...Rcd7 {, debido a} 37.Rxf8 $3 Kxf8 38.Bh6+ {ganando, ya que si} 38...
Kg8 ( {Si} 38...Rg7 39.Qxd7 ) 39.Qe8+ ) 37.Qb6 Be4 38.Rc8 ( {Pero no} 38.
Rb8 {por} 38...Rb7 $1 {forzando el cambio de la torre, con buenas 
posibilidades de defensa.} ) 38...Bf5 39.Rb8 $1 Rd7 40.Qe3 $1 Kg6 {[Ante 
41.Dh6+ ]} 41.Rxb3 Rd4 42.Rb6 $1 Rd3 $4 ( {Un grave error, sin duda al 
estar convencido de la suerte de la lucha. Se impona} 42...Rg4 43.Qxe5 Be4
{, aunque con} 44.Bc3 Bg7 45.Qe8 $1 {con la amenaza Te6 y Te7, las blancas
deberan imponerse, pues su rey no corre peligro y cuentan, adems, con el 
pen de la columna "b" pasado, de cara a un final.} ) 43.Qg5# {[Gran 
partida de Belln, jugada en su mejor estilo de ataque y un triunfo 
altamente meritorio, por la categora del adversario. ] [Comentarios: IM 
Romn Torn. (Diario La Vanguardia, 14-05-1976). || Fuente: Torn, Romn. 
Artculo "Ecos del Torneo de Lanzarote: la Victoria de Belln Frente a 
Larsen". Columna Ajedrez. Diario LA VANGUARDIA ESPAOLA. (14-05-1976, ao 
XCV, peridico 34.190, pgina 55). Editora TISA. Barcelona, Espaa. ]} 1-0

[Event "4th Lanzarote it"]
[Site "Lanzarote ESP"]
[Date "1976.04.??"]
[Round "8"]
[White "Garcia Padron, Jose"]
[Black "Pomar Salamanca, Arturo"]
[Result "1/2-1/2"]
[WhiteElo "2280"]
[BlackElo "2435"]
[EventDate "1976.04.26"]
[PlyCount "40"]

1.c4 Nf6 2.Nf3 e6 3.b3 b6 4.Bb2 Bb7 5.e3 Be7 6.Be2 c5 7.O-O O-O 8.d4 d5 9.
cxd5 Nxd5 10.Nc3 Nxc3 11.Bxc3 Nc6 12.Rc1 cxd4 13.Nxd4 Nxd4 14.Bxd4 Rc8 15.
Rxc8 Qxc8 16.Qa1 Qc2 17.Bc4 Qg6 18.f3 Rd8 19.Be2 f6 20.Rd1 Qg5 {[Fuente: 
Zaiko, Oscar Alfredo. Base de partidas del "04.Arrecife de Lanzarote" 
1976. Sitio web OLD IN CHESS. (Marzo 2002). Alfredo Zaiko 
(Director-Webmaster). Sitio web oriundo de Argentina. Estuvo disponible 
hasta el ao 2010 en la direccin: 
http://www.geocities.org/oldinchess/descarga/cbv/1976_ESP03.zip ]} 1/2-1/2

[Event "4th Lanzarote it"]
[Site "Lanzarote ESP"]
[Date "1976.04.??"]
[Round "8"]
[White "Hernandez Onna, Roman"]
[Black "Haik, Aldo"]
[Result "1/2-1/2"]
[WhiteElo "2460"]
[BlackElo "2325"]
[EventDate "1976.04.26"]
[PlyCount "37"]

1.c4 e5 2.Nc3 Bb4 3.g3 Nf6 4.Bg2 O-O 5.Nf3 Re8 6.O-O h6 7.Ne1 c6 8.Nc2 
Bxc3 9.dxc3 d5 10.cxd5 cxd5 11.Nb4 d4 12.cxd4 exd4 13.e3 dxe3 14.Bxe3 Qe7 
15.Qd4 Be6 16.Qc5 Qxc5 17.Bxc5 Nbd7 18.Bd4 a5 19.Nd3 {[Fuente: Zaiko, 
Oscar Alfredo. Base de partidas del "04.Arrecife de Lanzarote" 1976. Sitio
web OLD IN CHESS. (Marzo 2002). Alfredo Zaiko (Director-Webmaster). Sitio 
web oriundo de Argentina. Estuvo disponible hasta el ao 2010 en la 
direccin: http://www.geocities.org/oldinchess/descarga/cbv/1976_ESP03.zip 
]} 1/2-1/2